| 000 | 02718nam0a2200397 4500 | ||
|---|---|---|---|
| 001 | RU\NLR\BIBL_A\011669260 | ||
| 005 | 20220121164948.0 | ||
| 010 |
_a978-5-98498-244-3 _9300 |
||
| 021 |
_aRU _bКН-П-18-016228 _9КН-П-18-1168 |
||
| 035 | _a(NLR Aleph) 011669260 | ||
| 035 | _a(RuMoRGB)009563225 | ||
| 090 |
_a11227270 _c11227270 |
||
| 100 | _a20180403d2017 k y0rusy50 ca | ||
| 101 | 0 |
_arus _aeng |
|
| 102 | _aRU | ||
| 105 | _aa|||z|||100zy | ||
| 200 | 1 |
_aГраницы возможного в рекламном и PR-креативе _eсборник научных трудов [по материалам Всероссийской научно-практической конференции с международным участием (23 октября 2017 г.)] _fМинистерство образования и науки Российской Федерации, ФГБОУ ВО "Орловский государственный университет экономики и торговли", Управление Федеральной антимонопольной службы по Орловской области, [Кафедра истории философии, рекламы и связей с общественностью] _gпод общей редакцией к.э.н., доцента Е.В. Симоновой |
|
| 210 |
_aОрел _cОрелГУЭТ _d2017 |
||
| 215 |
_a215 с. _cил., табл. _d21 |
||
| 300 | _aЧасть текста на англ. яз. | ||
| 320 | _aБиблиогр. в конце ст. | ||
| 606 | 1 |
_aРеклама _jСъезды, совещания и т.п. _2nlr_sh2 _3RU\NLR\AUTH\6660116 |
|
| 606 | 1 |
_aПаблик рилейшнз _jСъезды, совещания и т.п. _2nlr_sh2 _3RU\NLR\AUTH\66685660 |
|
| 686 | 1 | _aЧ600.0я431 | |
| 686 | 1 | _aЧ600.1я431 | |
| 686 | 1 | _aС550.425я431 | |
| 686 | 1 | _aС550.324я431 | |
| 702 | 1 |
_aСимонова _bЕ. В. _cд-р экон. наук, правоведение _gЕвгения Владимировна _3RU\NLR\AUTH\770152083 _4070 |
|
| 711 | 1 | 2 |
_a"Границы возможного в рекламном и PR-креативе", всероссийская научно-практическая конференция с международным участием _f2017 _eОрел _3RU\NLR\AUTH\880468011 |
| 712 | 0 | 2 |
_aОрловский государственный университет экономики и торговли _3RU\NLR\AUTH\880436594 _4570 |
| 942 | _cBOOK | ||
| 980 | _aNBR | ||
| 980 | _aNB | ||